Astronomie und Geschichte - Statistiken

Allgemein
  • Dieses Quiz wurde 1.361 mal gespielt
    1.355 seit der letzten Aktualisierung
  • Das Durchschnittsergebnis liegt bei 12 aus 20
Antwortstatistiken
Frage Antwort % Korrekt
Der erste Mann, der im Weltraum um die Erde geflogen ist, kam aus: der Sowiet Union
91%
Stell Dir vor, die Erde wär nur 1 Meter im Durchmesser. Wie groß wäre die Sonne, wenn das Verhältnis gleich bliebe? 109 meter
90%
Es gibt mehr Sterne im Universum als Sandkörner auf der Erde Stimmt
78%
Wer hat den Mond entdeckt? wahrscheinlich irgendein Tier vor Millionen von Jahren
74%
Neptun ist der am weitesten entfernte Planet von der Sonne. Die Erde ist der dritte Planet von der Sonne. Ist die Erde näher an Neptun oder an der Sonne? Sonne
72%
Welches von Menschen gemachte Objekt ist am weitesten von der Erde entfernt? Voyager 1
72%
Wann war das? 1961
70%
Welcher ist der größte Mond im Sonnensystem? Ganymede - Jupiter
66%
Die Sonne produziert/ konvertiert sehr viel Energie durch Fusion von Atomen. Wieviel Masse verliert die Sonne wegen Fusion pro Sekunde? 4 millionen Tonnen
63%
Der Abstand zwischen Pluto und Sonne ist viel größer, als der zwischen Erden und Sonne. Bewegt sich Pluto also langsamer oder schneller in seiner Umlaufbahn um die Sonne? Pluto bewegt sich langsamer als die Erde
61%
Die Internationale Raumstation ISS fliegt in ihrer Umlaufbahn um die Erde direkt über Berlin. Ist Berlin dann näher an der Raumstation oder an Paris? Raumstation
54%
Die Sonne bewegt sich um das Zentrum unserer Galaxie Stimmt
54%
Johannes Kepler hat herausgefunden und bewiesen, dass sich Planeten in Ellipsen und nicht in perfekten Kreisen um die Sonne bewegen. Wann? 1609
53%
Welcher Planet hat den größten Mond, im Verhältnis zu seiner eigenen Größe? Mit anderen Worten: Welcher Planet hat die geringste Größendifferenz zwischen sich selbst und seinem größten Mond? die Erde
51%
Was würde passieren, wenn ein Asteroid mit 200 km Durchmesser die Erde direkt treffen würde? Alles Leben auf der Erde würde ausnahmslos ausgelöscht werden
43%
Wieviele Menschen sind auf dem Mond gelaufen (und wahrscheinlich gehüpft)? 12
42%
Mit unseren besten Technologien und unter idealen Bedingungen würde es ungefähr 2 Monate brauchen um von der Erde zum Mars zu reisen.
42%
Wenn die Sonne durch ein Schwarzes Loch mit gleicher Masse ersetzt werden würde, würde die Erde rasch eingesaugt werden.
41%
Welcher Planet ähnelt hinsichtlich seiner Größe der Erde am meisten? Venus
39%
Wer war der Erste, der das heliozentrische Weltmodell (die Theorie, dass die Erde um die Sonne fliegt und dass die Erde nicht das Zentrum des Universums ist) formuliert hat? Aristarchus von Samos 280 vor Christus
31%
Keine übereinstimmenden Quizze gefunden
Verteilung der Resultate
Anzahl Personen mit jedem Resultat
Perzentil nach korrekt beantworteten Fragen
Ihre Resultats-Entwicklung
Sie haben dieses Quiz seit der letzten Aktualisierung nicht gespielt